000 00869nam a22002417a 4500
005 20120411115531.0
008 120411t xxu||||| |||| 00| 0 eng d
010 _aENG-105320
020 _a9789380599618
_c500.00
035 _aEN-88853
037 _bDBAD/PUB
040 _aDPL
_bEng
082 _a657.42
100 _944715
_aBhar, B.K.
245 _aCost accounting :
_cby B.K.Bhar
_bmethods and problems for inter and final ........Indian universities /
250 _a19th ed
260 _aKolkata
_bAcademic Publishers
_c2012
270 _a5A,Bhawani Dutta Lane,
_bKolkata
_e700073
300 _avarious pagings
_c24cm(pbk)
500 _aIncludes index
942 _2ddc
_cEN
_mBHA
_h657.42
999 _c66833
_d66833